Célébrités commençant par la lettre I - Statistiques

Statistiques générales
  • Ce quiz a été pris 288 fois
  • Le résultat moyen est 3 sur 9
Statistiques - réponses
Par images Réponse % Correct
Indila
94%
Iris Mittenaere
64%
Imen Es
46%
Isabelle Adjani
35%
Idris Elba
34%
Iggy Azalea
34%
Ice T
18%
Irina Shayk
14%
Isabel Marant
3%
Aucun quiz correspondant
Distribution des résultats
% des personnes avec chaque résultat
Percentile par nombre de réponses
Votre historique - résultats
Vous n’avez pas pris ce quiz